Statistiques concernant Identification de logos #1 - Version française

Cliquez ici pour prendre le quiz!

Statistiques générales

  • Ce quiz a été pris 173 fois
    (126 depuis la dernière actualisation)
  • Le résultat moyen est 10 sur 14

Statistiques - réponses

Réponse% Correct
Chanel
99%
Lego
99%
Xbox
98%
Android
95%
Netflix
94%
Ralph Lauren
88%
QuikSilver
76%
Rolling Stones
71%
Mitsubishi
63%
Guinness
45%
Le seigneur des anneaux
45%
Mortal Kombat
40%
South Park
37%
British Airways
10%

Distribution des résultats

Percentile par nombre de réponses

% des personnes avec chaque résultat

Votre développement - résultats

Vous n’avez pas pris ce quiz depuis la dernière actualisation